[Event "2nd Oakham Young Masters"]
[Site "Oakham ENG"]
[Date "1986.04.08"]
[Round "7"]
[White "Burgess, Mark"]
[Black "Walker, Susan"]
[Result "1/2-1/2"]
[WhiteElo "2270"]
[BlackElo "2220"]
[EventDate "1986.04.02"]
[PlyCount "92"]
[Source "John Saunders"]

1.Nf3 b5 2.g3 Bb7 3.Bg2 Nf6 4.O-O e6 5.b3 Be7 6.Bb2 O-O 7.c4 bxc4 8.bxc4 
c5 9.d3 d6 10.Nc3 Nc6 11.Qd2 Qd7 12.Rab1 Rab8 13.e4 e5 14.Nh4 Nd4 15.Ne2 
g6 16.Nxd4 cxd4 17.Qa5 Rfc8 18.Ba3 Bd8 19.Qxa7 Ra8 20.Qxb7 Qxb7 21.Rxb7 
Rxa3 22.Bh3 Rca8 23.f4 Rxd3 24.fxe5 Nxe4 25.Bg2 f5 26.exf6 Nxf6 27.g4 Re3 
28.g5 Ne4 29.Nf3 Ba5 30.Nxd4 Bc3 31.Nc6 Re8 32.Ne7+ Kh8 33.Nd5 Bd4 34.Nxe3
Bxe3+ 35.Kh1 Nf2+ 36.Rxf2 Bxf2 37.Bd5 Be3 38.h4 h6 39.h5 Bxg5 40.hxg6 Be7 
41.g7+ Kxg7 42.Rb2 Bg5 43.a4 Re1+ 44.Kg2 Ra1 45.Bc6 Ra3 46.Re2 Bf4 1/2-1/2

[Event "2nd Oakham Young Masters"]
[Site "Oakham ENG"]
[Date "1986.04.09"]
[Round "8"]
[White "Rojas Sepulveda, Eduardo"]
[Black "Marin, Mihail"]
[Result "1/2-1/2"]
[WhiteElo "2330"]
[BlackElo "2425"]
[EventDate "1986.04.02"]
[PlyCount "43"]
[Source "John Saunders"]

1.d4 Nf6 2.Nf3 g6 3.c4 Bg7 4.Nc3 O-O 5.Bg5 c5 6.e3 cxd4 7.exd4 d5 8.Bxf6 
Bxf6 9.Nxd5 Bg7 10.Nc3 Qb6 11.Qd2 Rd8 12.Be2 Bxd4 13.Nxd4 Rxd4 14.Qe3 Nc6 
15.b3 Be6 16.O-O Rad8 17.Nb5 Rd2 18.Qxb6 axb6 19.Bf3 Rb2 20.Nc3 Rdd2 21.
Nb1 Rd3 22.Be4 1/2-1/2

[Event "2nd Oakham Young Masters"]
[Site "Oakham ENG"]
[Date "1986.04.09"]
[Round "8"]
[White "Klinger, Josef"]
[Black "Emms, John"]
[Result "1/2-1/2"]
[WhiteElo "2445"]
[BlackElo "2305"]
[EventDate "1986.04.02"]
[PlyCount "86"]
[Source "John Saunders"]

1.e4 e6 2.d4 d5 3.Nc3 dxe4 4.Nxe4 Nf6 5.Nxf6+ Qxf6 6.Nf3 h6 7.Bd3 Nc6 8.
O-O Bd6 9.b3 O-O 10.Bb2 e5 11.dxe5 Nxe5 12.Bxe5 Bxe5 13.Nxe5 Qxe5 14.Qf3 
Re8 15.h3 c6 16.Rad1 Be6 17.Rfe1 Qa5 18.Qe4 g6 19.Qf4 Qg5 20.Qxg5 hxg5 21.
Re5 g4 22.h4 Kg7 23.Kh2 Bf5 24.Rxe8 Rxe8 25.Bxf5 gxf5 26.Rd2 Kf6 27.Kg3 
Re1 28.Rd7 Ra1 29.a4 Rc1 30.Rxb7 Rxc2 31.f3 gxf3 32.gxf3 a5 33.Ra7 Rc5 34.
Kf4 Kg6 35.Re7 Rc3 36.Re3 Rc1 37.h5+ Kxh5 38.Kxf5 Kh4 39.Kf6 Kg3 40.Kxf7 
Kf4 41.Rd3 Ke5 42.Ke7 c5 43.Re3+ Kd4 1/2-1/2

[Event "2nd Oakham Young Masters"]
[Site "Oakham ENG"]
[Date "1986.04.09"]
[Round "8"]
[White "Condie, Mark"]
[Black "Thomas, Ian"]
[Result "1-0"]
[WhiteElo "2425"]
[BlackElo "2325"]
[EventDate "1986.04.02"]
[PlyCount "119"]
[Source "John Saunders"]

1.e4 e5 2.Nf3 Nc6 3.Nc3 Nf6 4.d4 exd4 5.Nxd4 Bb4 6.Nxc6 bxc6 7.Bd3 d5 8.
exd5 cxd5 9.O-O O-O 10.Bg5 c6 11.Qf3 Be7 12.Rae1 Re8 13.Ne2 Ng4 14.Bf4 Bf6
15.Ng3 Bd7 16.h3 Ne5 17.Bxe5 Bxe5 18.Bxh7+ Kxh7 19.Qh5+ Kg8 20.Rxe5 g6 21.
Rxe8+ Qxe8 22.Qg5 Qd8 23.Qe5 Qb8 24.Qf6 Qd8 25.Qd6 Be8 26.Qe5 Qb8 27.Qc3 
Qd6 28.Rd1 f5 29.Qd4 Bf7 30.b4 a5 31.a3 axb4 32.axb4 Ra4 33.c3 c5 34.Qxc5 
Qxc5 35.bxc5 Rc4 36.Ne2 Rxc5 37.f4 Be8 38.Rc1 Bb5 39.Nd4 Bd3 40.Kf2 Ra5 
41.g4 Ra2+ 42.Kg3 Kf7 43.Re1 Ra3 44.Re3 Be4 45.Kf2 g5 46.Kg3 gxf4+ 47.Kxf4
fxg4 48.hxg4 Kf6 49.g5+ Kg6 50.Rh3 Kf7 51.Ke5 Ra8 52.Rh6 Re8+ 53.Re6 Rc8 
54.Rf6+ Kg7 55.Ne6+ Kh7 56.Rh6+ Kg8 57.Rh3 Kf7 58.Nf4 Rc5 59.Rg3 Kg8 60.g6
1-0

[Event "2nd Oakham Young Masters"]
[Site "Oakham ENG"]
[Date "1986.04.09"]
[Round "8"]
[White "McDonald, Neil R."]
[Black "Kuczynski, Robert"]
[Result "0-1"]
[WhiteElo "2320"]
[BlackElo "2410"]
[EventDate "1986.04.02"]
[PlyCount "52"]
[Source "John Saunders"]

1.Nf3 Nf6 2.g3 c5 3.Bg2 Nc6 4.O-O e5 5.d3 d5 6.c4 Be7 7.cxd5 Nxd5 8.Nc3 
Be6 9.Ne1 O-O 10.f4 exf4 11.gxf4 f5 12.Nc2 Bf6 13.Bd2 Qd7 14.Nxd5 Bxd5 15.
e4 fxe4 16.dxe4 Bc4 17.Bc3 Qxd1 18.Rfxd1 Bxc3 19.bxc3 Rxf4 20.Ne3 Be6 21.
Rd6 Re8 22.Rb1 Na5 23.e5 b6 24.Nd5 Rf7 25.Nxb6 axb6 26.Rxe6 Rxe6 0-1

[Event "2nd Oakham Young Masters"]
[Site "Oakham ENG"]
[Date "1986.04.09"]
[Round "8"]
[White "Schulte, Oliver"]
[Black "Piket, Jeroen"]
[Result "1-0"]
[WhiteElo "2310"]
[BlackElo "2410"]
[EventDate "1986.04.02"]
[PlyCount "49"]
[Source "John Saunders"]

1.d4 Nf6 2.c4 g6 3.Nc3 Bg7 4.e4 d6 5.Be2 O-O 6.Bg5 Nbd7 7.Qd2 c6 8.Nf3 d5 
9.exd5 cxd5 10.cxd5 Nb6 11.Ne5 Nbxd5 12.Bf3 Bf5 13.O-O Nxc3 14.bxc3 Ne4 
15.Bxe4 Bxe4 16.Rfe1 Bf5 17.Bh6 Rc8 18.Bxg7 Kxg7 19.Re3 h5 20.Rae1 Rc7 21.
h3 f6 22.Nf3 g5 23.d5 Qd6 24.Nd4 Qxd5 25.Re5 1-0

[Event "2nd Oakham Young Masters"]
[Site "Oakham ENG"]
[Date "1986.04.09"]
[Round "8"]
[White "Arlandi, Ennio"]
[Black "Nikolic, Nebojsa"]
[Result "0-1"]
[WhiteElo "2360"]
[BlackElo "2350"]
[EventDate "1986.04.02"]
[PlyCount "132"]
[Source "John Saunders"]

1.d4 d5 2.c4 dxc4 3.Nf3 a6 4.e3 Nf6 5.Bxc4 e6 6.O-O c5 7.a4 Nc6 8.Qe2 cxd4
9.Rd1 Be7 10.exd4 O-O 11.Nc3 Nd5 12.Bd3 Ncb4 13.Bb1 b6 14.a5 bxa5 15.Ne5 
Bb7 16.Nc4 Rc8 17.Nxa5 Ba8 18.Ne4 Rxc1 19.Rxc1 f5 20.Ng3 Nf4 21.Qc4 Bd6 
22.f3 Qg5 23.Qf1 h5 24.Nc4 Bb8 25.Rd1 Bd5 26.b3 Nc6 27.Rxa6 h4 28.Ne2 
Nxe2+ 29.Qxe2 Qf4 30.Rxc6 Qxh2+ 31.Kf1 Bg3 32.Qe3 Qh1+ 33.Qg1 Qxg1+ 34.
Kxg1 Bxc6 35.Ne3 Bf4 36.Kf2 Rb8 37.Rd3 Bb5 38.Rd1 Bg3+ 39.Kg1 Be2 40.Rc1 
Rxb3 41.Nxf5 Rxb1 42.Rxb1 exf5 43.Rb2 Bc4 44.Rb4 Be6 45.Rb6 Kf7 46.Rb7+ 
Kf6 47.Rb6 Ke7 48.Rb7+ Bd7 49.Rb6 Bd6 50.Kf2 g5 51.Ra6 Ke6 52.Ra7 Bg3+ 53.
Kg1 Bc6 54.Ra6 Kd6 55.Ra5 Bd5 56.Ra6+ Ke7 57.Ra7+ Ke6 58.Ra6+ Bd6 59.Ra5 
g4 60.fxg4 fxg4 61.Ra6 Be4 62.Ra5 Bf4 63.Rh5 h3 64.gxh3 g3 65.Rh4 Be3+ 66.
Kf1 Bf3 0-1

[Event "2nd Oakham Young Masters"]
[Site "Oakham ENG"]
[Date "1986.04.09"]
[Round "8"]
[White "Waddingham, Graham"]
[Black "Wells, Peter"]
[Result "1/2-1/2"]
[WhiteElo "2305"]
[BlackElo "2400"]
[EventDate "1986.04.02"]
[PlyCount "50"]
[Source "John Saunders"]

1.e4 c6 2.d4 d5 3.Nc3 dxe4 4.Nxe4 Nd7 5.Nf3 Ngf6 6.Nxf6+ Nxf6 7.Be2 Bg4 8.
O-O e6 9.h3 Bh5 10.Be3 Bd6 11.c4 Qc7 12.Qb3 O-O 13.Rfd1 b6 14.Kh1 Rfd8 15.
Ng1 Bg6 16.Bd3 c5 17.Bxg6 hxg6 18.Ne2 Rac8 19.Rac1 Qe7 20.Rd3 Ne4 21.Nc3 
cxd4 22.Nxe4 dxe3 23.Nxd6 Rxd6 24.Rxd6 Qxd6 25.Qxe3 Qb4 1/2-1/2

[Event "2nd Oakham Young Masters"]
[Site "Oakham ENG"]
[Date "1986.04.09"]
[Round "8"]
[White "Galego, Luis"]
[Black "Wolff, Patrick"]
[Result "0-1"]
[WhiteElo "2330"]
[BlackElo "2370"]
[EventDate "1986.04.02"]
[PlyCount "44"]
[Source "John Saunders"]

1.e4 d6 2.d4 Nf6 3.Nc3 g6 4.Bg5 Bg7 5.Qd2 h6 6.Be3 c6 7.O-O-O b5 8.f3 Nbd7
9.e5 b4 10.Ne4 Nxe4 11.fxe4 dxe5 12.dxe5 Bxe5 13.Nf3 Bg7 14.Bc4 Qc7 15.
Rhf1 Nf6 16.Bf4 Qa5 17.Ne5 O-O 18.Nxf7 Ba6 19.Nxh6+ Kh7 20.Bxa6 Qxa2 21.
Qe2 Nh5 22.Bg5 Bc3 0-1

[Event "2nd Oakham Young Masters"]
[Site "Oakham ENG"]
[Date "1986.04.09"]
[Round "8"]
[White "Macfarlane, Donald"]
[Black "Palkovi, Jozsef"]
[Result "1-0"]
[WhiteElo "2360"]
[BlackElo "2320"]
[EventDate "1986.04.02"]
[PlyCount "97"]
[Source "John Saunders"]

1.c4 g6 2.Nc3 Bg7 3.g3 d6 4.Bg2 c5 5.e3 Nc6 6.Nge2 e5 7.O-O Nge7 8.a3 Be6 
9.Nd5 Rb8 10.Nec3 a6 11.b4 b5 12.Nxe7 Nxe7 13.cxb5 axb5 14.a4 cxb4 15.Nxb5
O-O 16.d3 d5 17.Bd2 Nc6 18.Qc1 Qd7 19.Qb2 f5 20.Bxb4 Nxb4 21.Qxb4 f4 22.
Rfc1 e4 23.Rab1 f3 24.Bf1 Bh3 25.Qe1 Qg4 26.Rb4 Rbe8 27.dxe4 dxe4 28.Rcc4 
Rf6 29.Bd3 Bf8 30.Rb3 Rf5 31.Nc3 Rfe5 32.Rb5 Bc5 33.Nxe4 Rxe4 34.Rxe4 Rxe4
35.Bxe4 Qxe4 36.Rxc5 Qxa4 37.Qc1 Kg7 38.Rc7+ Kh6 39.e4+ g5 40.Rc6+ Kh5 41.
Rc5 h6 42.Qe1 Qd4 43.Rd5 Qc4 44.Rd1 Qe6 45.e5 Bg2 46.Rd6 Qc4 47.Qb1 Bh3 
48.Rf6 Bg4 49.Qg6# 1-0

[Event "2nd Oakham Young Masters"]
[Site "Oakham ENG"]
[Date "1986.04.09"]
[Round "8"]
[White "Howell, James"]
[Black "Dunnington, Angus"]
[Result "1-0"]
[WhiteElo "2395"]
[BlackElo "2250"]
[EventDate "1986.04.02"]
[PlyCount "149"]
[Source "John Saunders"]

1.e4 c6 2.d4 d5 3.exd5 cxd5 4.c4 Nf6 5.Nc3 g6 6.cxd5 Nxd5 7.Nf3 Bg7 8.Qb3 
Nb6 9.Bb5+ N8d7 10.a4 a6 11.Be2 Nf6 12.a5 Nbd5 13.Bc4 e6 14.Bg5 Nxc3 15.
bxc3 O-O 16.O-O Qc7 17.Bd3 Nd5 18.Rfc1 Ne7 19.Nd2 h6 20.Be3 Nd5 21.Nc4 
Nxe3 22.fxe3 Bd7 23.Nb6 Rab8 24.Rf1 Bc6 25.Ra2 Qe7 26.e4 Qg5 27.Kh1 Rbd8 
28.Qb1 h5 29.e5 h4 30.Be4 Bxe4 31.Qxe4 f6 32.exf6 Rxf6 33.Rg1 e5 34.Qxb7 
exd4 35.cxd4 Rxd4 36.Qxa6 Rfd6 37.Qa8+ Rd8 38.Qf3 Rd3 39.Qe2 Be5 40.Nc4 
Bb8 41.Rf1 Qd5 42.Qg4 g5 43.Raf2 Rd4 44.Qh5 Rf4 45.Ne3 Rxf2 46.Qg6+ Kh8 
47.Qh6+ Kg8 48.Qg6+ Kh8 49.Rxf2 Qe5 50.Qh6+ Kg8 51.Nf1 Bd6 52.Qg6+ Qg7 53.
Qe6+ Kh8 54.Rf6 Bf8 55.Qf5 Be7 56.Rf7 Rf8 57.Rxf8+ Bxf8 58.a6 Kg8 59.a7 
Qxa7 60.Qxg5+ Bg7 61.Qd8+ Bf8 62.Qxh4 Qa1 63.Qc4+ Kh8 64.Qe2 Qd4 65.g3 Bc5
66.Qg2 Bb6 67.h3 Bc5 68.Kh2 Bd6 69.Nd2 Qd3 70.Nf3 Qg6 71.Qf2 Kg8 72.Kg2 
Kh7 73.h4 Kg8 74.Qe1 Kh8 75.Ng5 1-0

[Event "2nd Oakham Young Masters"]
[Site "Oakham ENG"]
[Date "1986.04.09"]
[Round "8"]
[White "Walker, Susan"]
[Black "Blatny, Pavel"]
[Result "0-1"]
[WhiteElo "2220"]
[BlackElo "2415"]
[EventDate "1986.04.02"]
[PlyCount "122"]
[Source "John Saunders"]

1.b4 e6 2.Bb2 Nf6 3.a3 d5 4.e3 b6 5.b5 a6 6.a4 c5 7.bxc6 Nxc6 8.Nf3 Bb7 9.
Be2 Rc8 10.O-O Bd6 11.Na3 e5 12.c4 d4 13.Nh4 O-O 14.Nf5 Bc5 15.d3 g6 16.
exd4 Bxa3 17.Nh6+ Kg7 18.Rxa3 Nxd4 19.Ng4 Nxg4 20.Bxg4 f5 21.Bxd4 Qxd4 22.
Bf3 Bxf3 23.Qxf3 e4 24.Qf4 Rfd8 25.dxe4 Qxe4 26.Qg3 Qxc4 27.h4 Re8 28.Rd1 
Re7 29.Re3 Rce8 30.Qg5 Rxe3 31.fxe3 Qxa4 32.Rd5 Qb3 33.Rd7+ Kg8 34.Rd8 Qe6
35.Rxe8+ Qxe8 36.h5 Kf7 37.h6 Qe5 38.Kf2 Qf6 39.Qf4 g5 40.Qc4+ Kg6 41.Qxa6
Qb2+ 42.Ke1 Kxh6 43.Qc8 Qb4+ 44.Ke2 Qb5+ 45.Kf2 Kh5 46.Qc7 Qb2+ 47.Kg3 Kg6
48.Qc6+ Qf6 49.Qd5 h5 50.Kf2 h4 51.Kg1 g4 52.Kh2 Kh6 53.e4 f4 54.e5 Qf5 
55.Kg1 Kh5 56.Qb5 Kg5 57.Qxb6 Qxe5 58.Qd8+ Kh5 59.Qd1 f3 60.Kf2 Qg3+ 61.
Ke3 fxg2+ 0-1

[Event "2nd Oakham Young Masters"]
[Site "Oakham ENG"]
[Date "1986.04.09"]
[Round "8"]
[White "Carr, Neil"]
[Black "Schandorff, Lars"]
[Result "1/2-1/2"]
[WhiteElo "2295"]
[BlackElo "2335"]
[EventDate "1986.04.02"]
[PlyCount "74"]
[Source "John Saunders"]

1.e4 e5 2.Nf3 Nc6 3.d4 exd4 4.Bc4 Nf6 5.e5 d5 6.Bb5 Ne4 7.Nxd4 Bd7 8.Bxc6 
bxc6 9.O-O Bc5 10.f3 Ng5 11.f4 Ne4 12.Nc3 O-O 13.Nxe4 dxe4 14.c3 Bb6 15.
Qe2 Qe7 16.Qxe4 f6 17.Be3 Rae8 18.Nf3 Bf5 19.Qc4+ Be6 20.Qe2 Bd5 21.Bd4 
Bxf3 22.Rxf3 fxe5 23.Bxb6 cxb6 24.Qc4+ Qe6 25.Qxe6+ Rxe6 26.Re1 Ref6 27.
Rxe5 Rxf4 28.Rxf4 Rxf4 29.Re7 Rf7 30.Re8+ Rf8 31.Rxf8+ Kxf8 32.Kf2 Ke7 33.
Ke3 Kd7 34.Ke4 Ke6 35.b4 a6 36.a4 b5 37.a5 Kd6 1/2-1/2

[Event "2nd Oakham Young Masters"]
[Site "Oakham ENG"]
[Date "1986.04.09"]
[Round "8"]
[White "Foguenne, Marc"]
[Black "Kuznecov, Alex"]
[Result "1-0"]
[WhiteElo "2250"]
[BlackElo "2350"]
[EventDate "1986.04.02"]
[PlyCount "99"]
[Source "John Saunders"]

1.Nf3 c5 2.c4 Nc6 3.Nc3 g6 4.g3 Bg7 5.Bg2 e6 6.O-O Nge7 7.d3 O-O 8.a3 d5 
9.cxd5 exd5 10.Rb1 b6 11.Bd2 d4 12.Na4 Nd5 13.b4 cxb4 14.axb4 Bb7 15.b5 
Nce7 16.Nb2 Qd7 17.Qa4 Rfc8 18.Nxd4 Nc3 19.Bxc3 Bxg2 20.Kxg2 Rxc3 21.Nf3 
Rc5 22.Nc4 Rac8 23.Ne3 Nd5 24.Nxd5 Rxd5 25.Rb3 Rc2 26.Re1 a5 27.Kg1 Rdc5 
28.Qf4 Qe8 29.d4 Rxb5 30.Re3 Qd7 31.Qe4 Rc8 32.Qe7 Qxe7 33.Rxe7 a4 34.Ra7 
Rb4 35.Rd1 Rd8 36.d5 Rd6 37.Rc1 Bb2 38.Rc8+ Kg7 39.Rcc7 Rxd5 40.Rxf7+ Kg8 
41.Rfe7 Rd8 42.e4 a3 43.e5 h6 44.Rg7+ Kf8 45.Rxg6 Bc1 46.Rc6 Rb1 47.Kg2 b5
48.Nh4 b4 49.Ng6+ Kg8 50.Rcc7 1-0

[Event "2nd Oakham Young Masters"]
[Site "Oakham ENG"]
[Date "1986.04.09"]
[Round "8"]
[White "Adler, Joel"]
[Black "Dawson, Craig"]
[Result "1-0"]
[WhiteElo "2220"]
[BlackElo "2275"]
[EventDate "1986.04.02"]
[PlyCount "79"]
[Source "John Saunders"]

1.d4 Nf6 2.c4 e6 3.Nf3 Bb4+ 4.Nbd2 c5 5.a3 Bxd2+ 6.Qxd2 b6 7.dxc5 bxc5 8.
Qg5 O-O 9.Qxc5 Ba6 10.e3 Nc6 11.Qd6 Ne4 12.Qd1 Rb8 13.b4 Qf6 14.Ra2 Nc3 
15.Bb2 Nxd1 16.Bxf6 gxf6 17.Kxd1 Ne5 18.Nxe5 fxe5 19.Be2 Rfc8 20.Rc2 Kf8 
21.Kd2 Ke7 22.Rhc1 Rc7 23.g3 h6 24.b5 Bb7 25.c5 Bd5 26.Rc3 Kd8 27.a4 Kc8 
28.a5 Kb7 29.b6 axb6 30.cxb6 Rxc3 31.Rxc3 Bc6 32.Rb3 Ka8 33.Kc3 Bd5 34.Rb2
Rc8+ 35.Kb4 Kb7 36.Ka4 Rg8 37.a6+ Kb8 38.Rc2 Bc6+ 39.Bb5 Rg4+ 40.Ka5 1-0

[Event "2nd Oakham Young Masters"]
[Site "Oakham ENG"]
[Date "1986.04.09"]
[Round "8"]
[White "Pulkkinen, Kari"]
[Black "Shovel, Kenneth"]
[Result "0-1"]
[WhiteElo "2245"]
[BlackElo "2225"]
[EventDate "1986.04.02"]
[PlyCount "104"]
[Source "John Saunders"]

1.e4 c6 2.d4 d5 3.Nc3 dxe4 4.Nxe4 Bf5 5.Ng3 Bg6 6.h4 h6 7.Nf3 Nd7 8.h5 Bh7
9.Bd3 Bxd3 10.Qxd3 Qc7 11.Bd2 e6 12.O-O-O Ngf6 13.Qe2 c5 14.Kb1 cxd4 15.
Nxd4 Bc5 16.Bc1 O-O 17.Ne4 Nxe4 18.Qxe4 Nf6 19.Qf3 Bxd4 20.Rxd4 Rac8 21.c3
e5 22.Rdd1 Qc6 23.Qxc6 Rxc6 24.f3 a6 25.Be3 Re8 26.Rd2 b5 27.Bf2 e4 28.Bd4
exf3 29.gxf3 Rd8 30.Rg2 Rd5 31.Rhg1 Nxh5 32.Bxg7 Nxg7 33.Rxg7+ Kf8 34.Rg8+
Ke7 35.Rh8 Rh5 36.Rg4 Rh2 37.a4 bxa4 38.Rxa4 Rb6 39.Rb4 Rxb4 40.cxb4 Rh3 
41.Kc2 Rxf3 42.Rxh6 Rf6 43.Rh5 Rb6 44.Kc3 Ke6 45.Kc4 f6 46.b5 Rxb5 47.Rxb5
axb5+ 48.Kxb5 Kd5 49.Ka5 f5 50.b4 f4 51.b5 f3 52.b6 Kc6 0-1

[Event "2nd Oakham Young Masters"]
[Site "Oakham ENG"]
[Date "1986.04.10"]
[Round "9"]
[White "Marin, Mihail"]
[Black "Condie, Mark"]
[Result "1/2-1/2"]
[WhiteElo "2425"]
[BlackElo "2425"]
[EventDate "1986.04.02"]
[PlyCount "61"]
[Source "John Saunders"]

1.d4 Nf6 2.c4 e6 3.Nc3 d5 4.cxd5 exd5 5.Bg5 Be7 6.e3 O-O 7.Bd3 Nbd7 8.Qc2 
Re8 9.Nge2 Nf8 10.O-O-O c6 11.h3 a5 12.Kb1 b5 13.g4 a4 14.Ng3 Qa5 15.Nce2 
Bd7 16.Nf5 Bxf5 17.Bxf5 Ra6 18.Nf4 b4 19.Qd2 Ne4 20.Bxe4 Bxg5 21.Bf3 Nd7 
22.h4 Bxf4 23.exf4 Nb6 24.Be2 Nc4 25.Bxc4 dxc4 26.Rhe1 Raa8 27.Rxe8+ Rxe8 
28.a3 Rb8 29.axb4 Rxb4 30.Re1 Rxb2+ 31.Ka1 1/2-1/2

[Event "2nd Oakham Young Masters"]
[Site "Oakham ENG"]
[Date "1986.04.10"]
[Round "9"]
[White "Wells, Peter"]
[Black "Conquest, Stuart"]
[Result "1-0"]
[WhiteElo "2400"]
[BlackElo "2400"]
[EventDate "1986.04.02"]
[PlyCount "79"]
[Source "John Saunders"]

1.d4 Nf6 2.Nf3 d5 3.c4 dxc4 4.Nc3 Bf5 5.e3 e6 6.Bxc4 a6 7.O-O c5 8.Ne5 
Nbd7 9.Qf3 b5 10.Nxd7 Nxd7 11.Bd5 Ra7 12.Be4 Bxe4 13.Nxe4 cxd4 14.exd4 Nb6
15.Qg3 Nd5 16.Bg5 f6 17.Bd2 Kf7 18.Qf3 h6 19.Rfe1 Be7 20.Rac1 Qd7 21.Qh5+ 
g6 22.Qf3 Kg7 23.Nc3 h5 24.Nxd5 exd5 25.Re2 Rf8 26.Rce1 Rf7 27.Re6 Bf8 28.
Qf4 Kh7 29.Rxf6 Rxf6 30.Qxf6 Bg7 31.Qg5 Qf7 32.Rc1 Re7 33.Be3 Re4 34.h3 
Re8 35.Qg3 Bf6 36.Qf4 Qg7 37.Rc6 Rf8 38.Rxa6 Be7 39.Qc7 Rf7 40.Ra7 1-0

[Event "2nd Oakham Young Masters"]
[Site "Oakham ENG"]
[Date "1986.04.10"]
[Round "9"]
[White "Schandorff, Lars"]
[Black "Klinger, Josef"]
[Result "1/2-1/2"]
[WhiteElo "2335"]
[BlackElo "2445"]
[EventDate "1986.04.02"]
[PlyCount "52"]
[Source "John Saunders"]

1.d4 c6 2.c4 Nf6 3.Nc3 d5 4.cxd5 cxd5 5.Nf3 Nc6 6.Bf4 Bf5 7.e3 e6 8.Bd3 
Bxd3 9.Qxd3 Bd6 10.Bxd6 Qxd6 11.O-O O-O 12.Rfc1 Rfc8 13.Qd1 Ne7 14.Ne2 h6 
15.Rxc8+ Rxc8 16.Rc1 Rxc1 17.Qxc1 Qc6 18.Ne5 Qxc1+ 19.Nxc1 Kf8 20.Kf1 Ke8 
21.Ke2 Nd7 22.Ncd3 Nxe5 23.Nxe5 Nc8 24.h3 Nb6 25.Kd2 Nd7 26.Nxd7 Kxd7 
1/2-1/2

[Event "2nd Oakham Young Masters"]
[Site "Oakham ENG"]
[Date "1986.04.10"]
[Round "9"]
[White "Nikolic, Nebojsa"]
[Black "McDonald, Neil R."]
[Result "1/2-1/2"]
[WhiteElo "2350"]
[BlackElo "2320"]
[EventDate "1986.04.02"]
[PlyCount "59"]
[Source "John Saunders"]

1.d4 Nf6 2.c4 g6 3.Nf3 Bg7 4.g3 O-O 5.Bg2 d6 6.O-O Nbd7 7.Nc3 e5 8.e4 c6 
9.b3 Re8 10.h3 a6 11.d5 cxd5 12.cxd5 b5 13.a3 Bb7 14.Ne1 Rc8 15.Bd2 Nc5 
16.Qb1 Re7 17.Nd3 Rec7 18.Nxc5 Rxc5 19.Rc1 Qf8 20.Qb2 Bh6 21.Ne2 Nd7 22.b4
Rc4 23.Rxc4 Rxc4 24.Bxh6 Qxh6 25.a4 bxa4 26.Rxa4 Nb6 27.Ra2 Rc8 28.Qb3 Nc4
29.Rc2 Nb6 30.b5 1/2-1/2

[Event "2nd Oakham Young Masters"]
[Site "Oakham ENG"]
[Date "1986.04.10"]
[Round "9"]
[White "Wolff, Patrick"]
[Black "Buckmire, Ron"]
[Result "1-0"]
[WhiteElo "2370"]
[BlackElo "2280"]
[EventDate "1986.04.02"]
[PlyCount "49"]
[Source "John Saunders"]

1.e4 c5 2.Nf3 d6 3.d4 cxd4 4.Nxd4 Nf6 5.Nc3 a6 6.Bg5 e6 7.f4 b5 8.e5 dxe5 
9.fxe5 Qc7 10.Qe2 Nfd7 11.O-O-O Bb7 12.Qg4 Qxe5 13.Be2 b4 14.Bf3 h5 15.Qh4
Bxf3 16.Nxf3 Qc5 17.Nd5 Bd6 18.Rhe1 Nc6 19.Be3 Qb5 20.Bf4 Bb8 21.Bxb8 Qxb8
22.Nd4 Nde5 23.Rxe5 Qxe5 24.Nxc6 g5 25.Qxb4 1-0

[Event "2nd Oakham Young Masters"]
[Site "Oakham ENG"]
[Date "1986.04.10"]
[Round "9"]
[White "Dunnington, Angus"]
[Black "Macfarlane, Donald"]
[Result "1/2-1/2"]
[WhiteElo "2250"]
[BlackElo "2360"]
[EventDate "1986.04.02"]
[PlyCount "44"]
[Source "John Saunders"]

1.e4 c6 2.d3 d5 3.Nd2 e5 4.Ngf3 Nd7 5.g3 g6 6.Bg2 Bg7 7.O-O Ngf6 8.exd5 
Nxd5 9.Re1 O-O 10.Nc4 Qc7 11.a4 b6 12.c3 Bb7 13.d4 exd4 14.Nxd4 Rfe8 15.
Ne3 N7f6 16.Nxd5 Nxd5 17.Bxd5 cxd5 18.Be3 Re4 19.Nb5 Qc6 20.Bd4 Bf8 21.Na3
Rae8 22.Nc2 Bc5 1/2-1/2

[Event "2nd Oakham Young Masters"]
[Site "Oakham ENG"]
[Date "1986.04.10"]
[Round "9"]
[White "Galego, Luis"]
[Black "Pulkkinen, Kari"]
[Result "1-0"]
[WhiteElo "2330"]
[BlackElo "2245"]
[EventDate "1986.04.02"]
[PlyCount "33"]
[Source "John Saunders"]

1.e4 c5 2.Nf3 g6 3.g3 Bg7 4.Bg2 Nc6 5.O-O e6 6.c3 Nge7 7.d4 cxd4 8.cxd4 d5
9.e5 Nf5 10.g4 Nh4 11.Nxh4 Qxh4 12.Be3 f6 13.f4 fxe5 14.fxe5 h5 15.Qd3 Ne7
16.g5 Nf5 17.Qd2 1-0

[Event "2nd Oakham Young Masters"]
[Site "Oakham ENG"]
[Date "1986.04.10"]
[Round "9"]
[White "Emms, John"]
[Black "Adler, Joel"]
[Result "1/2-1/2"]
[WhiteElo "2305"]
[BlackElo "2220"]
[EventDate "1986.04.02"]
[PlyCount "28"]
[Source "John Saunders"]

1.e4 c5 2.Nf3 Nc6 3.c3 Nf6 4.e5 Nd5 5.d4 cxd4 6.Bc4 Nb6 7.Bb3 d5 8.exd6 
Qxd6 9.O-O Be6 10.Na3 Bxb3 11.Qxb3 e6 12.Nb5 Qb8 13.Nbxd4 Be7 14.Nxc6 bxc6
1/2-1/2

[Event "2nd Oakham Young Masters"]
[Site "Oakham ENG"]
[Date "1986.04.10"]
[Round "9"]
[White "Burgess, Mark"]
[Black "Foguenne, Marc"]
[Result "1-0"]
[WhiteElo "2270"]
[BlackElo "2250"]
[EventDate "1986.04.02"]
[PlyCount "91"]
[Source "John Saunders"]

1.Nf3 c5 2.c4 Nc6 3.g3 g6 4.Bg2 Bg7 5.Nc3 e5 6.d3 Nge7 7.O-O O-O 8.Ne1 d6 
9.Nc2 Rb8 10.Bg5 f6 11.Bd2 b6 12.a3 Bb7 13.b4 Qd7 14.b5 Nd4 15.Ne3 Bxg2 
16.Kxg2 Ndf5 17.Ned5 Nxd5 18.Nxd5 Ne7 19.Nxe7+ Qxe7 20.e4 f5 21.f3 f4 22.
g4 h5 23.h3 Kf7 24.Rh1 Rh8 25.Qe2 Bf6 26.a4 Rh6 27.a5 Ke6 28.axb6 axb6 29.
d4 exd4 30.Bxf4 g5 31.Bg3 Be5 32.Ra6 hxg4 33.fxg4 Rf8 34.Be1 Rhf6 35.h4 
Rf4 36.Bg3 Qf6 37.Bxf4 Qxf4 38.Ra3 Rh8 39.h5 Rh6 40.Rhh3 Ke7 41.Ra7+ Ke6 
42.Raa3 Ke7 43.Rhd3 Kd8 44.Rd1 Kd7 45.Kh1 Ke7 46.Rf1 1-0

[Event "2nd Oakham Young Masters"]
[Site "Oakham ENG"]
[Date "1986.04.10"]
[Round "9"]
[White "Carr, Neil"]
[Black "Walker, Susan"]
[Result "1-0"]
[WhiteElo "2295"]
[BlackElo "2220"]
[EventDate "1986.04.02"]
[PlyCount "73"]
[Source "John Saunders"]

1.e4 e6 2.d4 d5 3.Nd2 Nf6 4.e5 Nfd7 5.Ngf3 c5 6.c4 Nc6 7.cxd5 exd5 8.Bb5 
Be7 9.O-O O-O 10.dxc5 Nxc5 11.Nb3 Ne4 12.Nbd4 Bd7 13.Be3 a6 14.Be2 Na5 15.
Nb3 Ba4 16.Rc1 f5 17.Nfd4 Qd7 18.Bf4 Nc4 19.Bxc4 dxc4 20.Rxc4 Rac8 21.e6 
Qe8 22.Qc2 Nd6 23.Bxd6 Bxd6 24.Rxc8 Qxc8 25.Qxc8 Rxc8 26.Nxf5 Bb4 27.Rc1 
Rxc1+ 28.Nxc1 g6 29.Nd4 Kg7 30.Nd3 Bd6 31.f4 Kf6 32.Kf2 Be8 33.Ke3 g5 34.
g3 h5 35.Nf2 gxf4+ 36.gxf4 Bc5 37.Ne4+ 1-0